Регионална библиотека "Любен Каравелов" - Русе

Образи и думи (Запис номер 174604)

MARC детайли
000 -Лидер
Контролно поле с фиксирана дължина 01669nam a2200325 c 4500
003 - Код на организацията, давaща контролен номер
Контролно поле BLK
005 - Дата и час на последна редакция
Контролно поле 20241115115131.0
008 - Елементи от данни с фиксирана дължина
fixed length control field 180411b bul|||||r ||||||| ||bul||
010 ## - Наследен системен номер
LC control number KNG00183096000
040 ## - Източник на каталожния запис
Идентификатор на билиотеката - собственик на записа BLK
041 ## - Код за език
Код за езика на текст/звукозапис или на отделно заглавие Български
Код за езика КДБФ Български
080 ## - УДК
Текстов определител УДК Българска литература
УДК код - определител по УДК 821.163.2
УДК определител -4
УДК - код + определител 821.163.2-4
100 1# - Редна дума - Автор
Автор Цонев, Светозар Стефанов
Авторска отговорност първи автор
R(LIN) 287892
139 ## - Редно поле
Редна дума Цонев, Светозар Стефанов
Авторски знак Цонев - Ц 80
245 10 - Сведения за заглавието
Заглавие Образи и думи
Подзаглавни данни Есета, етюди, размисли
Редно поле (дума) Светозар Стефанов Цонев.
257 ## - Страна на издаване
Страна на създаване/издаване България
260 ## - Област на издателските данни
Име на издателя, разпространителя и проч. Воен. изд.
Година на издаване 1984
300 ## - Физическа характеристика
Страници 195 с.
Размери/Мащаб 20 см
380 ## - Жанр
Жанр Худож. лит.
490 ## - СЕРИИ (Колекции)
9 (RLIN) 396381
Име на серия Частна колекция - Академик Михаил Арнаудов
Бележки за серията Дарение - Основен фонд
500 ## - Общи забележки
Забележка 4 230 тир. - Съдържа : Българи - прабългари - бървобългари ; Левски и думите ; Апостолите през май ; За Ботев ; Вазов - или съвестта на България ; Мигновения с Яворов ; Ситен дъжд вали като маргарит. - Автограф с текст: На Петър Арнаудов - за да се запознаем и знаем нашите бащи Светозар Цонев 5.IX.1984 София
852 ## - Местоположение
Форматна сигнатура Цб 124849
852 ## - Местоположение
Форматна сигнатура МА 4879
856 4# - Електронен адрес и достъп
Електронен формат pdf - файл
856 4# - Електронен адрес и достъп
Електронен формат pdf - файл
999 ## - СИСТЕМНИ КОНТРОЛНИ НОМЕРА
Koha biblionumber 174604
Koha biblioitemnumber 174604
942 ## - АРТИКУЛИ
Вид на библиотечния материал Книги
Скрит в OPAC Не
Koha issues (borrowed), all copies 2
Периодичен библиозапис Да
944 ## - СЪЗДАВАНЕ И РЕДАКЦИЯ на ЗАПИСА
Създаване/Редакция Създаване
Дата на регистрацията/редакция 02.10.2015
Служител, извършил регистрацията/редакцията 30546
Статус, дата на статуса Ренета Константинова
944 ## - СЪЗДАВАНЕ И РЕДАКЦИЯ на ЗАПИСА
Създаване/Редакция Редакция
Дата на регистрацията/редакция 12.09.2017
Служител, извършил регистрацията/редакцията Вася_Ганчева
999 ## - СИСТЕМНИ КОНТРОЛНИ НОМЕРА
Koha biblioitemnumber 174604
Наличности
Код за отписване Код за изгубен артикул Източник на класификационната схема Код за повреда Коз за рестрикции Код за отдаване Артикулен № Име на библиотеката - собственик Име на библиотеката, в която се намира в момента Статус (Текущо местоположение) Дата на вписване в системата Местоположение - отдел Цена в лева Инвентарен номер Систематично азбучна сигнатура Баркод Номер на екземпляра Цена в евро Служебна бележка Служебен тип на артикула Бележка за публиката Номерация (Хронология)
  Не е изгубен Universal Decimal Classification Не е повреден без рестрикции ползва се в читалня 299935 Регионална библиотека "Любен Каравелов" Русе Регионална библиотека "Любен Каравелов" Русе Хранилище 1984-01-01 Хранилище 0.76 390756 Цб 124849 900000011710 1 0.39 Вид: Сф Дата: 01.01.1984 Книги    
Изтеглен Не е изгубен   Не е повреден без рестрикции заемане за дома 299936 Регионална библиотека "Любен Каравелов" Русе Регионална библиотека "Любен Каравелов" Русе   1984-01-01 Заемна - подръчен фонд 0.76 391908 П 886.7-4/Ц 80 391908 2 0.39 Вид: Сф Дата: 01.01.1984 Книги Отч.N: 6/2018 , Дата: 22.01.2018  
Изтеглен Не е изгубен Universal Decimal Classification Не е повреден без рестрикции заемане за дома 299937 Регионална библиотека "Любен Каравелов" Русе Регионална библиотека "Любен Каравелов" Русе Заемна - подръчен фонд 1984-01-01 Заемна - подръчен фонд 0.76 391910 П 886.7-4/Ц 80 120000391910 3 0.39 Вид: Сф Дата: 01.01.1984 Дата инв: 09.02.2018 Бележки инв: П2018 Книги    
Изтеглен Не е изгубен Universal Decimal Classification Не е повреден без рестрикции заемане за дома 299938 Регионална библиотека "Любен Каравелов" Русе Регионална библиотека "Любен Каравелов" Русе Заемна - подръчен фонд 1984-01-01 Заемна - подръчен фонд 0.76 391912 П 886.7-4/Ц 80 120000391912 4 0.39 Вид: Сф Дата: 01.01.1984 Дата инв: 09.02.2018 Бележки инв: П2018 Книги    
Изтеглен Не е изгубен   Не е повреден без рестрикции заемане за дома 299939 Регионална библиотека "Любен Каравелов" Русе Регионална библиотека "Любен Каравелов" Русе   1984-01-01 Детски отдел 0.76 392459 ДХ 886.7/Ц 80 392459 5 0.39 Вид: Сф Дата: 01.01.1984 Дата инв: 07.10.2015 Бележки инв: Д2015 Книги Отч.N: 27/2017 , Дата: 16.08.2017  
Изтеглен Не е изгубен   Не е повреден без рестрикции заемане за дома 299940 Регионална библиотека "Любен Каравелов" Русе Регионална библиотека "Любен Каравелов" Русе   1984-01-01 Детски отдел 0.76 392460 ДХ 886.7/Ц 80 392460 6 0.39 Вид: Сф Дата: 01.01.1984 Дата инв: 07.10.2015 Бележки инв: Д2015 Книги Отч.N: 32/2017 , Дата: 04.09.2017  
Изтеглен Не е изгубен Universal Decimal Classification Не е повреден без рестрикции заемане за дома 299941 Регионална библиотека "Любен Каравелов" Русе Регионална библиотека "Любен Каравелов" Русе Детски отдел 1984-01-01 Детски отдел 0.76 392461 ДХ 886.7/Ц 80 392461 7 0.39 Вид: Сф Дата: 01.01.1984 Книги    
  Не е изгубен Universal Decimal Classification Не е повреден   Специални фондове ( старопечатни, редки и ценни, фонд М. Арнаудов) 747887 Регионална библиотека "Любен Каравелов" Русе Регионална библиотека "Любен Каравелов" Русе Фонд "Михаил Арнаудов" 2019-10-22 Фонд "Михаил Арнаудов" 7.60   МА 4879 120000836864   3.89   Книги   Автограф: Светозар Цонев за Петър Арнаудов
Vip Innovations Ltd, Rousse, Bulgaria 2025